00820nam a22002055i 4500001000700000003000900007005001700016008004100033040002000074100003600094245003500130260008100165300002200246490004600268596007300314830005400387852003200441999001900473952012200492155692ES-MaACL20250716062626.0010926q18801910fr |||| | fre d aCAM bspa cCAM1 aHugo, Victor,d1802-188596462710aHan d'Islande / cVictor Hugo. aParis : bJ. Hetzel & Cie : bMaison Quantin, c[s.a.] (fL.-Imp. réunies) a406 p. ; c18 cm.1 aOeuvres complètes de Victor Hugo. Roman aProbablemente impreso a finales del S. XIX ó principios del S. XX.0 aOeuvres complètes de Victor Hugo. Roman9187968 aES-MaACLjG-3108 z-- Rust. c155692d155692 00104070aATENEOMbATENEOMcDEPO2d2008-01-17eSSCl0oG-3108p1162858r2023-02-23 00:00:00w2023-02-23yMONOGRAFIA